00586nam a22001817a 450000500170000001000120001702000260002903700080005508200080006310000270007124501040009826000480020227000690025030000190031970000250033894200220036399900190038520260227160258.0 aBACEN26 a9789370789289c395.00 aBSB a340 aVarshney, Mansi987752 aLLB Bachelor of Law 2026 Exam:c by Mansi Varshney [and] Pawan Khannab16 solved papers 2025-2010 / aNew Delhi bArihant Publications Ltd.c2025 a'Ramchhaya'4577/15, Agarwal Road, Darya GanjbNew Delhi e110002 avp.c26cm(pbk) aKhanna, Pawan987529 2ddccENh340mVAR c215036d215036